Soil chemical analysis: Advanced course: A manual of methods useful for instruction and research in soil chemistry, physical chemistry of soils, soil fertility, and soil genesis. (Record no. 2235)

MARC details
000 -LEADER
fixed length control field 00631nam a2200181Ia 4500
008 - FIXED-LENGTH DATA ELEMENTS--GENERAL INFORMATION
fixed length control field 230917s9999||||xx |||||||||||||| ||und||
020 ## - ISBN
Price RS 2950.00
040 ## - CATALOGING SOURCE
-- 5013837
Original cataloging agency VIVEKANANDA LIBRARY
041 ## - Language
-- English
082 ## - DDC NUMBER
Classification number 631.4 J136S(2)
100 ## - MAIN ENTRY--PERSONAL NAME
Personal name Jackson, M L
245 #0 - TITLE STATEMENT
Title Soil chemical analysis: Advanced course: A manual of methods useful for instruction and research in soil chemistry, physical chemistry of soils, soil fertility, and soil genesis.
250 ## - EDITION STATEMENT
Edition statement 2nd ed.
260 ## - PUBLICATION, DISTRIBUTION, ETC. (IMPRINT)
Place of publication, distribution, etc New Delhi
Name of publisher, distributor, etc United Book Prints
Date of publication, distribution, etc 2018
300 ## - PHYSICAL DESCRIPTION
Pages xxi, 930 p.
500 ## - GENERAL NOTE
General note 4074 22/09/2021 HBD22/9147 27/12/2021 Main Budget
942 ## - ADDED ENTRY ELEMENTS (KOHA)
Koha item type Books
Holdings
Withdrawn status Lost status Damaged status Not for loan Location (home branch) Sublocation or collection (holding branch) Date acquired Koha issues (times borrowed) Koha full call number Accession No. Koha date last seen Koha item type
        VIVEKANANDA LIBRARY VIVEKANANDA LIBRARY 03/03/2022   631.4 J136S(2) 399117 17/09/2023 Books
© Designed and Maintained by Vivekananda Library, MDU Rohtak